<?xml version="1.0" encoding="UTF-8"?>
<record
    xmlns:xsi="http://www.w3.org/2001/XMLSchema-instance"
    xsi:schemaLocation="http://www.loc.gov/MARC21/slim http://www.loc.gov/standards/marcxml/schema/MARC21slim.xsd"
    xmlns="http://www.loc.gov/MARC21/slim">

  <leader>01844cam a2200349 i 4500</leader>
  <controlfield tag="003">OCoLC</controlfield>
  <controlfield tag="005">20180819122115.0</controlfield>
  <controlfield tag="008">150619t20162016moua     b    001 0 eng  </controlfield>
  <datafield tag="020" ind1=" " ind2=" ">
    <subfield code="a">9780323322713</subfield>
  </datafield>
  <datafield tag="020" ind1=" " ind2=" ">
    <subfield code="a">0323322719</subfield>
  </datafield>
  <datafield tag="020" ind1=" " ind2=" ">
    <subfield code="z">9780323322720</subfield>
  </datafield>
  <datafield tag="040" ind1=" " ind2=" ">
    <subfield code="a">DNLM/DLC</subfield>
    <subfield code="b">eng</subfield>
    <subfield code="e">rda</subfield>
    <subfield code="c">DLC</subfield>
    <subfield code="d">YDX</subfield>
    <subfield code="d">BTCTA</subfield>
    <subfield code="d">NLM</subfield>
    <subfield code="d">YDXCP</subfield>
    <subfield code="d">CDX</subfield>
    <subfield code="d">SHH</subfield>
    <subfield code="d">OCLCQ</subfield>
    <subfield code="d">BDX</subfield>
    <subfield code="d">ERL</subfield>
    <subfield code="d">P4A</subfield>
    <subfield code="d">UtOrBLW</subfield>
  </datafield>
  <datafield tag="042" ind1=" " ind2=" ">
    <subfield code="a">pcc</subfield>
  </datafield>
  <datafield tag="049" ind1=" " ind2=" ">
    <subfield code="a">OSUU</subfield>
  </datafield>
  <datafield tag="050" ind1="1" ind2="0">
    <subfield code="a">RC78.7.U4</subfield>
    <subfield code="b">K745 2016</subfield>
  </datafield>
  <datafield tag="050" ind1="1" ind2="0">
    <subfield code="a">RC78.7.U4</subfield>
    <subfield code="b">K745 2016</subfield>
  </datafield>
  <datafield tag="082" ind1=" " ind2=" ">
    <subfield code="2">21</subfield>
    <subfield code="a">616.07543</subfield>
    <subfield code="b">KFS</subfield>
  </datafield>
  <datafield tag="100" ind1="1" ind2=" ">
    <subfield code="a">Kremkau, Frederick W.,</subfield>
    <subfield code="e">author</subfield>
    <subfield code="9">64424</subfield>
  </datafield>
  <datafield tag="240" ind1="1" ind2="0">
    <subfield code="a">Diagnostic ultrasound</subfield>
  </datafield>
  <datafield tag="245" ind1="1" ind2="0">
    <subfield code="a">Sonography :</subfield>
    <subfield code="b">principles and instruments /</subfield>
    <subfield code="c">Frederick W. Kremkau, PhD, Professor of Radiologic Sciences, Director, Program for Medical Ultrasound, Center for Applied Learning, Wake Forest University School of Medicine, Winston-Salem, North Carolina ; with contributions by Flemming Forsberg, PhD, Professor of Radiology, Jefferson Medical College, Thomas Jefferson University, Philadelphia, Pennsylvania</subfield>
  </datafield>
  <datafield tag="250" ind1=" " ind2=" ">
    <subfield code="a">Ninth edition</subfield>
  </datafield>
  <datafield tag="300" ind1=" " ind2=" ">
    <subfield code="a">xiii, 288 pages :</subfield>
    <subfield code="b">illustrations (some color) ;</subfield>
    <subfield code="c">29 cm</subfield>
  </datafield>
  <datafield tag="504" ind1=" " ind2=" ">
    <subfield code="a">Includes bibliographical references and index</subfield>
  </datafield>
  <datafield tag="505" ind1="0" ind2=" ">
    <subfield code="a">Ultrasound -- Transducers -- Instruments -- Doppler principles -- Artifacts -- Performance and safety</subfield>
  </datafield>
  <datafield tag="650" ind1=" " ind2="0">
    <subfield code="a">Ultrasonic imaging</subfield>
    <subfield code="v">Methods</subfield>
    <subfield code="9">64425</subfield>
  </datafield>
  <datafield tag="650" ind1=" " ind2="0">
    <subfield code="a">Ultrasonic imaging</subfield>
    <subfield code="x">Instruments</subfield>
    <subfield code="9">64426</subfield>
  </datafield>
  <datafield tag="650" ind1="1" ind2="2">
    <subfield code="a">Ultrasonography</subfield>
    <subfield code="x">methods</subfield>
    <subfield code="9">5580</subfield>
  </datafield>
  <datafield tag="650" ind1="2" ind2="2">
    <subfield code="a">Ultrasonography</subfield>
    <subfield code="x">instrumentation</subfield>
    <subfield code="9">13811</subfield>
  </datafield>
  <datafield tag="700" ind1="1" ind2=" ">
    <subfield code="a">Forsberg, Flemming,</subfield>
    <subfield code="e">author</subfield>
    <subfield code="9">64427</subfield>
  </datafield>
  <datafield tag="856" ind1="4" ind2="1">
    <subfield code="u">https://www.dawsonera.com/guard/protected/dawson.jsp?name=https://passport01.leeds.ac.uk/idp/shibboleth&amp;dest=http://www.dawsonera.com/depp/reader/protected/external/AbstractView/S9780323322720</subfield>
    <subfield code="z">View this book online, via DawsonERA, both on- and off-campus</subfield>
  </datafield>
  <datafield tag="942" ind1=" " ind2=" ">
    <subfield code="c">BOOK</subfield>
  </datafield>
  <datafield tag="999" ind1=" " ind2=" ">
    <subfield code="c">42649</subfield>
    <subfield code="d">312269</subfield>
  </datafield>
  <datafield tag="952" ind1=" " ind2=" ">
    <subfield code="1">0</subfield>
    <subfield code="2">2018-08-19</subfield>
    <subfield code="4">0</subfield>
    <subfield code="7">0</subfield>
    <subfield code="a">616.07543 KFS</subfield>
    <subfield code="d">2018-08-19</subfield>
    <subfield code="h">CL</subfield>
    <subfield code="i">00657419</subfield>
    <subfield code="m">CL</subfield>
    <subfield code="r">2018-08-19 00:00:00</subfield>
    <subfield code="t">BOOK</subfield>
    <subfield code="w">ddc</subfield>
    <subfield code="y">0</subfield>
  </datafield>
  <datafield tag="952" ind1=" " ind2=" ">
    <subfield code="1">0</subfield>
    <subfield code="2">2018-08-19</subfield>
    <subfield code="4">0</subfield>
    <subfield code="7">0</subfield>
    <subfield code="a">616.07543 KFS</subfield>
    <subfield code="d">2018-08-19</subfield>
    <subfield code="h">CL</subfield>
    <subfield code="i">00657420</subfield>
    <subfield code="m">CL</subfield>
    <subfield code="r">2018-08-19 00:00:00</subfield>
    <subfield code="t">BOOK</subfield>
    <subfield code="w">ddc</subfield>
    <subfield code="y">0</subfield>
  </datafield>
  <datafield tag="952" ind1=" " ind2=" ">
    <subfield code="1">0</subfield>
    <subfield code="2">2018-08-19</subfield>
    <subfield code="4">0</subfield>
    <subfield code="7">0</subfield>
    <subfield code="a">616.07543 KFS</subfield>
    <subfield code="d">2018-08-19</subfield>
    <subfield code="h">CL</subfield>
    <subfield code="i">00657421</subfield>
    <subfield code="m">CL</subfield>
    <subfield code="r">2018-08-19 00:00:00</subfield>
    <subfield code="t">BOOK</subfield>
    <subfield code="w">ddc</subfield>
    <subfield code="y">0</subfield>
  </datafield>
  <datafield tag="952" ind1=" " ind2=" ">
    <subfield code="1">0</subfield>
    <subfield code="2">2019-08-20</subfield>
    <subfield code="4">0</subfield>
    <subfield code="7">0</subfield>
    <subfield code="a">616.07543 KFS</subfield>
    <subfield code="d">2019-08-20</subfield>
    <subfield code="h">SZM</subfield>
    <subfield code="i">00157063</subfield>
    <subfield code="m">SZM</subfield>
    <subfield code="r">2019-08-20 00:00:00</subfield>
    <subfield code="t">BOOK</subfield>
    <subfield code="w">ddc</subfield>
    <subfield code="y">0</subfield>
  </datafield>
  <datafield tag="952" ind1=" " ind2=" ">
    <subfield code="1">0</subfield>
    <subfield code="2">2019-08-20</subfield>
    <subfield code="4">0</subfield>
    <subfield code="7">0</subfield>
    <subfield code="a">616.07543 KFS</subfield>
    <subfield code="d">2019-08-20</subfield>
    <subfield code="h">SZM</subfield>
    <subfield code="i">00157064</subfield>
    <subfield code="m">SZM</subfield>
    <subfield code="r">2019-08-20 00:00:00</subfield>
    <subfield code="t">BOOK</subfield>
    <subfield code="w">ddc</subfield>
    <subfield code="y">0</subfield>
  </datafield>
</record>
